Como interpretar los sueños / (Registro nro. 6766)

Detalles MARC
000 -CABECERA
Campo de control interno 01765nam a2200241Ia 4500
008 - ELEMENTOS DE LONGITUD FIJA - INFORMACIÓN GENERAL
Campo de control de longitud fija 260220t1969||||xx |||||||||||||| ||spa||
040 ## - FUENTE DE CATALOGACIÓN
Agencia de catalogación original PY-SlUNAC
Idioma de catalogación spa
Convenciones de descripción rda
041 ## - CÓDIGO DE IDIOMA
Código de idioma para texto/pista de sonido o título separado spa
082 ## - NÚMERO DE CLASIFICACIÓN DECIMAL DEWEY
Clasificación Decimal Dewey (CDD) 154.63
Clasificación Expansiva de Cutter (EC) N148c
100 ## - ASIENTO PRINCIPAL - NOMBRE PERSONAL
Nombre personal Nagib Rath, Alex
Rol del autor Autor
245 #0 - TÍTULO
Título Como interpretar los sueños /
Mención de responsabilidad por Alex Nagib Rath [Autor]
264 ## - PIE DE IMPRENTA
Lugar Barcelona :
Editorial Aura,
Año ℗1969.
300 ## - DESCRIPCIÓN FÍSICA
Páginas 1 volumen
520 ## - NOTA DE RESUMEN
Nota de resumen En "Cómo interpretar los sueños", Nagib Rath y Alex ofrecen una guía comprensiva sobre el análisis onírico, explorando la relación entre los sueños y el inconsciente. Los autores examinan la historia de la interpretación de los sueños, desde las antiguas civilizaciones hasta la psicología moderna, destacando la obra de figuras como Sigmund Freud y Carl Jung. A través de ejemplos prácticos y teorías psicológicas, el libro desglosa los símbolos y arquetipos recurrentes en los sueños, sugiriendo que estos pueden revelar deseos reprimidos, conflictos internos y miedos. Además, se abordan técnicas de interpretación personal, instando a los lectores a reflexionar sobre sus propias experiencias oníricas. La obra no solo busca desmitificar los sueños, sino también empoderar al lector en su autoconocimiento y crecimiento personal. Con un enfoque accesible y educativo, "Cómo interpretar los sueños" se convierte en una herramienta valiosa para quienes desean profundizar en su mundo interior y comprender mejor la influencia de los sueños en la vida cotidiana.
653 ## - MATERIA - TÉRMINO TEMÁTICO NO CONTROLADO (PALABRAS CLAVE)
Materia - término temático no controlado (palabras clave) Cultura
653 ## - MATERIA - TÉRMINO TEMÁTICO NO CONTROLADO (PALABRAS CLAVE)
Materia - término temático no controlado (palabras clave) Interpretación de los sueños
653 ## - MATERIA - TÉRMINO TEMÁTICO NO CONTROLADO (PALABRAS CLAVE)
Materia - término temático no controlado (palabras clave) Psicología
942 ## - ELEMENTOS PERSONALIZADOS (KOHA)
Fecha catalogación 2026/02/17
Tipo de documento Libros
Existencias
Fuente de Clasificacion Colección Ubicacion permanente Biblioteca actual Fecha de Ingreso a la Biblioteca Origen de adquisición Código de ubicación Código de barras Tipo de Item KOHA Nota pública
Dewey Decimal Classification Colección General (CG) Biblioteca e Internet, Facultad de Ciencias Exactas y Naturales Biblioteca e Internet, Facultad de Ciencias Exactas y Naturales 02/20/2026 Donación 154.63 N148c CG126 Libros Material disponible en la Biblioteca e Intenet, Campus UNA, San Lorenzo.